Memoria
| 団体著者: | |
|---|---|
| フォーマット: | 会議録 図書 |
| 言語: | スペイン語 |
| 出版事項: |
San José, C.R. :
EDITORAMA,
2001
|
| 主題: |
MARC
| LEADER | 00000nam a2200000Ia 4500 | ||
|---|---|---|---|
| 008 | 180601b2001 cr ||||| |||| 00| | spa d | ||
| 999 | |c 1081 |d 1081 | ||
| 020 | |a 9977-77-025-5 | ||
| 090 | |a 16.01.01 |b 350 | ||
| 111 | |a Congreso Nacional de Desarrollo Sostenible [2 : 2001 : San José, C.R.] |9 3700 | ||
| 245 | 1 | 0 | |a Memoria |
| 260 | |a San José, C.R. : |b EDITORAMA, |c 2001 | ||
| 300 | |a 347 páginas | ||
| 650 | 1 | 4 | |a DESARROLLO SOSTENIBLE |9 443 |
| 942 | |i 00573 |h 16.01.01 350 |2 z |c 01 | ||
